000 00452pab a2200169 454500
008 180718b2006 xxu||||| |||| 00| 0 eng d
100 _aLopoo, Leonard M.
245 _aDid welfare reform influence the family of young teens?
260 _c2006
300 _ap.275-98.
362 _aSpring
650 _aFertility
650 _aSocial welfare
700 _aDeLeire, Thomas
773 _aJournal of Policy Analysis and Management
909 _a70968
999 _c70968
_d70968